Money politics in Japan (Registro nro. 184342)

Detalles MARC
000 -ENCABEZADO
Número de control [NR] 00852cam a2200229 a 4500
005 - FECHA Y HORA DE LA ÚLTIMA TRANSACCIÓN
control field 20140903175020.0
008 - DE LONGITUD FIJA DE DATOS DE ELEMENTOS - INFORMACIÓN GENERAL
Elementos de longitud fija [NR] 140208s2007 xxud fr 001 0 eng
020 ## - NUMERO INTERNACIONAL NORMALIZADO PARA LIBROS [R]
Número Internacional Normalizado del libro [NR] 9781588265005
040 ## - FUENTE DE CATALOGACION [NR]
Agencia de catalogación original [NR] CO-BoUCM
Idioma de catalogación [NR] spa
Quien Cataloga Jose A. Gerena
Quien Clasifica Diana Londoño
041 ## - CODIGO DE IDIOMA [R]
Código de idioma para texto/pista de sonido o título separado [R] Inglés
100 1# - ASIENTO PRINCIPAL--NOMBRE PERSONAL [NR]
Nombre personal [NR] Carlson, Matthew
Fechas asociadas con el nombre [NR] 1972 -
ID Autoridad 55126
245 10 - MENCION DE TITULO [NR]
Título [NR] Money politics in Japan
Parte restante del título [NR] new rules, old practices
Mención de responsabilidad, etc. [NR] Matthew Carlson
260 ## - PUBLICACION, DISTRIBUCION, ETC. (PIE DE IMPRENTA) [R]
Lugar de publicación, distribución, etc. [R] Boulder (Colorado, Estados Unidos)
Nombre del editor, distribuidor, etc. [R] Lynne Rienner
Fecha de publicación, distribución, etc. [R] 2007
300 ## - DESCRIPCION FISICA [R]
Extensión [R] x, 175 páginas
Otros detalles físicos [NR] cuadros, gráficas
504 ## - NOTA DE BIBLIOGRAFIA, ETC. [R]
Nota de bibliografía, etc. [NR] Incluye referencias bibliográficas e índices
650 #7 - ASIENTO SECUNDARIO DE MATERIA - TERMINO TEMATICO [R]
9 (RLIN) 10375
Término temático o nombre geográfico como elemento de entrada [NR] Campañas políticas
650 #7 - ASIENTO SECUNDARIO DE MATERIA - TERMINO TEMATICO [R]
9 (RLIN) 13957
Término temático o nombre geográfico como elemento de entrada [NR] Elecciones
650 #7 - ASIENTO SECUNDARIO DE MATERIA - TERMINO TEMATICO [R]
9 (RLIN) 16023
Término temático o nombre geográfico como elemento de entrada [NR] Fondos para campañas electorales
690 ## - ASUNTO AGREGADO LOCAL DE ENTRADA - TÉRMINO TEMÁTICO (OCLC, RLIN)
9 (RLIN) 42754
Acceso temático local Ciencia política
942 ## - ELEMENTOS DE ENTRADA AGREGADOS (KOHA)
Tema principal Ciencia política
Tipo de ítem principal el descrito en 300a Libro
Edición 1
Parte restante de la signatura top. C284m
Sistema de clasificación DEWEY
Clasificación 324.780952
Existencias
Signatura topográfica Código de barras Última vez visto Ejemplar Costo de reposición Price effective from Tipo de ítem Perdido Sistema de clasificación Dañado No prestable Tipo de ítem específico Suprimido Ubicación habitual Ubicación actual Localización Fecha de creación Proveedor Forma de adquisición Costo
324.780952 C284m 100140070 06/06/2024 Ej.1 108100.00 15/01/2014 Libro   DEWEY     Libro   Bodega Bodega 3er piso 15/01/2014 15 Compra 108100.00